Migración y ambiente en la sección costarricense de la Cuenca del Río San Juan /
Saved in:
| Corporate Author: | |
|---|---|
| Format: | Text |
| Published: |
Lara Segura y Asociado San José, C.R.:
|
| Tags: |
Add Tag
No Tags, Be the first to tag this record!
|
MARC
| LEADER | 00000 a a2200000 04500 | ||
|---|---|---|---|
| 001 | 46425 | ||
| 003 | |||
| 040 | |||
| 090 | |a 07.01.01 S192t | ||
| 110 | |a Universidad de Costa Rica |b Unidad de Investigación de Fronteras Centroamericana | ||
| 245 | |a Migración y ambiente en la sección costarricense de la Cuenca del Río San Juan / |c Unidad de Investigación de Fronteras Centroamericana de la Universidad de Costa Rica | ||
| 260 | |b Lara Segura y Asociado |b San José, C.R.: | ||
| 773 | |g páginas 33-61 | ||
| 999 | |c 37932 |d 37932 | ||
